My Encyclopaedia Library History/ (Record no. 197089)

MARC details
000 -LEADER
fixed length control field 00470nam a22001697a 4500
005 - DATE AND TIME OF LATEST TRANSACTION
control field 20230814141233.0
010 ## - LCCN (DPL NO)
LC control number B-755566
020 ## - INTERNATIONAL STANDARD BOOK NUMBER
International Standard Book Number 9789388496469
Terms of availability 210.00
035 ## - SYSTEM CONTROL NUMBER
System control number B-755566
037 ## - SOURCE OF ACQUISITION
Source of stock number/acquisition Vishu Books
082 ## - DEWEY DECIMAL CLASSIFICATION NUMBER
Classification number 954
245 ## - TITLE STATEMENT
Title My Encyclopaedia Library History/
260 ## - PUBLICATION, DISTRIBUTION, ETC. (IMPRINT)
Place of publication, distribution, etc New Delhi
Name of publisher, distributor, etc Vishu Books
270 ## - ADDRESS
Address B-1/E-7 Mohan Estate, Badarpur,
City New Delhi
Postal code 110044
300 ## - PHYSICAL DESCRIPTION
Extent 40p.
Other physical details ill.
Dimensions 29cm(hb)
942 ## - ADDED ENTRY ELEMENTS (KOHA)
Source of classification or shelving scheme Dewey Decimal Classification
Item type Children Books
Classification part 954
Call number suffix MYE
Holdings
Withdrawn status Lost status Not for loan Collection code Home library Current library Date acquired Source of acquisition Cost, normal purchase price Full call number Barcode Copy number Cost, replacement price Koha item type
      Non-fiction Central Library Central Library 14/08/2023 Gift/10.8.23 210.00 954 MYE B-755566 1 210.00 Children Books

© Delhi Public Library
Hit Counter
free hit counter